000 004400000a22001810004500
020 _a1-55955-094-5
041 0 _aSPA
082 0 4 _aG 268.434 T2663m
100 1 _aTeja, Gary
245 1 0 _aLa mayordomía / Gary Teja
260 _aGrand Rapids, MI., USA : Desafío
300 _a88 Pag
001 7937
942 _cBK
999 _c38137
_d38137
336 _atexto
_btxt
_2rdacontent
337 _2rdamedia
_asin mediación
_bn
338 _2rdacarrier
_avolumen
_bnc